000 00657cam a22002414a 4500
999 _c141297
_d141297
003 UPN
005 20211108173500.0
008 090211s2006 ve r 000 f spa d
020 _a9806437713
035 _aUPN01000169191
040 _aUPN
_bspa
_cUPN
049 _aCG
050 4 _aPJ5054 O7.4
_bC3.6
100 1 _aOrlev, Uri,
_d1931-
_930817
245 1 3 _aEl canto de las ballenas /
_cUri Orlev ; tr. Yafa Algom.
260 _aAragua, Ven. :
_bPlayco,
_c2006.
300 _a104 p.
490 0 _aCaĆ­da libre
534 _pTitulo original:
_tShrtat haleviatanim
650 4 _aNOVELA JUVENIL POLACA
_943484
905 _aLibro
942 _2lcc
_cLIBRO